000 01295aam a2200325 i 4500
999 _c36092
_d36092
001 768714001
003 CO-MdFUSB
005 20220622062540.0
007 ta
008 200810s1996 -us |||| |||| 00| 0 spa d
020 _a0881134104
040 _bspa.
_aCO-MdFUSB
_cCO-MdFUSB
_dCO-MdFUSBC
_erda
041 _aspa
082 0 4 _223
_a248.8421
_bL563s
100 1 _aLeón, Daniel de (1852-1914)
_eautor
245 1 4 _aLos siete pecados capitales de un padre
_c/ Daniel de León, Eugenio Orellana ; prólogo por Bill McCartney
264 1 _aEstados Unidos :
_bBetania,
_c[1996]
264 4 _c© 1996
300 _a192 Páginas
_c; 20 cm
336 _atexto
_btxt
_2rdacontent
337 _2rdamedia
_asin mediación
_bn
338 _2rdacarrier
_avolumen
_bnc
505 _aPecado 1: Maltratar a la madre de sus hijos. -- Pecado 2: Desatender a los hijos. -- Pecado 3: Dar a los hijos cosas en lugar de amor. -- Pecado 4: Desproteger el círculo familiar. -- Pecado 5: Soltar las riendas del hogar. -- Pecado 6: Autodestruir su imagen de padre. -- Pecado 7: Renunciar al liderazgo espiritual.
563 _aRústico
650 0 _aVida cristiana
_919
700 _94773
_aMcCartney, Bill,
_eprologuista
700 _aOrellana, Eugenio. ‎
_eautor
_95070
942 _cBK
945 _aJTF-925